ナンバースクール - Statistics

General Stats
  • This quiz has been taken 84 times
    83 since last reset
  • The average score is 54 of 225
Answer Stats
旧制中・高女 現在の高校名 % Correct
青森県立第三中 青森高
81%
広島県立呉第三中 広高
81%
北海道立札幌第一中 札幌南高
77%
青森県立第一中 弘前高
77%
青森県立第二中 八戸高
72%
鹿児島県第二中 川内高
72%
北海道立札幌第二中 札幌西高
70%
県立宮城県第一中/宮城県仙台第一中 仙台第一高
68%
東京府立第十中 西高
68%
三重県第一中 津高
68%
高知県立第三中 安芸高
68%
県立宮城県第二中/宮城県仙台第二中 仙台第二高
67%
秋田県第一中 秋田高
67%
福島県第三中 福島高
65%
栃木県第一中 宇都宮高
65%
埼玉県第一中 浦和高
62%
東京府立第四中 戸山高
61%
富山県第一中 富山高
61%
東京府立第一中 日比谷高
59%
福島県第二中 磐城高
57%
埼玉県第三中 川越高
57%
宮城県第二高女 仙台二華高
55%
山形県立山形第一中 山形東高
55%
栃木県宇都宮第一高女 宇都宮女子高
54%
福島県第一中 安積高
52%
大阪府第一中 北野高
52%
山形県立山形第二中 山形南高
51%
東京府立第十九中 国立高
51%
兵庫県立第一神戸中 | 兵庫県立第一神戸高女 神戸高
51%
東京府立第六中 新宿高
49%
山梨県立第四高女 都留高
49%
秋田県第三中 横手高
48%
山形県立山形第一高女 山形西高
48%
山形県立山形第二高女 山形北高/鶴岡中央高
48%
栃木県第二中 栃木高
48%
富山県第二中 高岡高
48%
埼玉県立浦和第一高女 浦和第一女子高
46%
岐阜県岐阜第一中 岐阜高
46%
石川県立金沢第一中 金沢泉丘高
45%
東京府立第二中 立川高
43%
神奈川県立横浜第二中 横浜翠嵐高
43%
山梨県立第三高女 巨摩高
43%
名古屋市立第三高女 | 愛知県立第一中 旭丘高
43%
三重県第二中 四日市高
43%
埼玉県第二中 熊谷高
42%
埼玉県第四中 春日部高
42%
愛知県立第二中 岡崎高
42%
鳥取県第一中/鳥取県立鳥取第一中 鳥取西高
42%
静岡県立浜松第一中 浜松北高
41%
滋賀県立第二中 膳所高
41%
鳥取県第二中 米子東高
39%
島根県立第一中 松江北高/松江南高
39%
佐賀県立第一中 佐賀西高/佐賀東高/佐賀北高
38%
静岡県立浜松第二中 浜松西高
36%
愛知県立第六中 一宮高
36%
京都市立第一高女 堀川高
36%
大阪府第五中 天王寺高
36%
兵庫県立第三神戸中 長田高
36%
岡山県立第一岡山中 | 岡山県立第二岡山高女 岡山朝日高
36%
宮城県第一高女 宮城第一高
35%
栃木県第四中 佐野高
35%
東京府立第十五中 青山高
35%
愛知県立第八中 刈谷高
35%
兵庫県立第二神戸中 | 兵庫県立第四神戸高女 兵庫高
35%
石川県立第四中 小松高
33%
大阪府第四中 茨木高
33%
大阪府立第十三中 豊中高
33%
鹿児島県立第一高女 | 鹿児島県第一中/鹿児島県立第一鹿児島中 鶴丸高
33%
青森県立第三高女 青森西高
30%
東京府立第五高女 富士高
30%
山梨県立第一高女 甲府西高
30%
京都府立第一中/京都府立京都第一中 洛北高
30%
島根県立第二中 浜田高
30%
青森市立第一中 青森北高
29%
大阪府第二中 三国丘高
29%
大阪府第六中 岸和田高
29%
東京府立第五中 小石川中教
28%
東京府立第十三高女 武蔵高
28%
石川県立金沢第一高女 金沢二水高
28%
岡山県立第一岡山高女 | 岡山県立第二岡山中 岡山操山高
28%
東京府立第六高女 三田高
26%
三重県第三中 | 第二東京市立中 上野高
26%
石川県立第三中 七尾高
26%
愛知県立第一高女 明和高
26%
大阪市立第一高女 大手前高
26%
鳥取県立鳥取第二中 鳥取東高
26%
神奈川県立第二中 小田原高
25%
神奈川県立第四中 横須賀高
25%
愛知県立第四中 時習館高
25%
和歌山県第一中 桐蔭高
25%
名古屋市立第二高女 向陽高
23%
滋賀県立第一中 彦根東高
23%
和歌山県第二中 田辺高
23%
鹿児島県立第二高女 | 鹿児島県立第二鹿児島中 甲南高
23%
東京府立第三中 両国高
22%
神奈川県立第三中 厚木高
22%
県立宮城県第三中 古川高
20%
山梨県立第二高女 山梨高
20%
広島県立呉第一中 呉三津田高
20%
東京府立第二十中 大泉高
19%
東京府立第三高女 駒場高
19%
京都府立第三中 福知山高
19%
佐賀県立第三中 唐津東高
19%
沖縄県立第一中 首里高
19%
青森県立第二高女 八戸東高
17%
東京府立第八中 小山台高
17%
富山県第三中 魚津高
17%
石川県立金沢第三中 金沢桜丘高
17%
愛知県立第七中 半田高
17%
京都府立舞鶴第一中 | 京都府立舞鶴第一高女 西舞鶴高
17%
大阪府立第十一中 高津高
17%
大阪府立第十二中 生野高
17%
沖縄県立第三中 名護高
17%
名古屋市立第一高女 菊里高
16%
京都府立舞鶴第二中 | 京都府立舞鶴第二高女 東舞鶴高
16%
大阪府立第十六中 池田高
16%
東京府立第一高女 白鷗高
14%
東京府立第九高女 多摩高
14%
神奈川県立第一中/神奈川県立横浜第一中 希望ケ丘高
14%
大阪府第三中 八尾高
14%
大阪府第九中 四條畷高
14%
福島県第四中 相馬高
13%
栃木県第三中 真岡高
13%
埼玉県立浦和第二高女 浦和西高
13%
東京府立第十高女 豊島高
13%
石川県立第二中/石川県立金沢第二中 金沢錦丘高
13%
山梨県第一中 甲府第一高
13%
兵庫県立第三神戸高女 御影高
13%
沖縄県立第二中 那覇高
13%
県立宮城県第四中 角田高
12%
岐阜県岐阜第二中 加納高
12%
愛知県立第三中 津島高
12%
大阪府第八中 富田林高
12%
広島県第一中 広島国泰寺高
12%
高知県立第一中/高知県第一中 高知追手前高
12%
高知県立第四中 中村高
12%
青森県立第一高女 弘前中央高
10%
宮城県第三高女 仙台三桜高
10%
東京府立第九中 北園高
10%
東京府立第四高女 南多摩中教
10%
神奈川県立横浜第三中 横浜緑ケ丘高
10%
神奈川県立横浜第一高女 横浜平沼高
10%
兵庫県立第四神戸中 星稜高
10%
青森県立第四中 木造高
9%
東京府立第十七中 日本橋高/葛飾野高
9%
第一東京市立中 九段中教
9%
愛知県立第五中 瑞陵高
9%
京都府立第二中/京都府立京都第二中 鳥羽高
9%
大阪府立第十五中 住吉高
9%
広島県第三中 三次高
9%
県立宮城県第五中 築館高
7%
栃木県宇都宮第二高女 宇都宮中央高
7%
三重県第四中 宇治山田高
7%
京都府立京都第四中 桃山高
7%
大阪府立第十七中 布施高
7%
東京府立第七中 墨田川高
6%
東京府立第十三中 豊多摩高
6%
東京府立第十六中 江戸川高
6%
東京府立第二十三中 大森高
6%
東京府立第二高女 竹早高
6%
東京府立第七高女 小松川高
6%
名古屋市立第四高女 桜台高
6%
京都府立京都第一高女 鴨沂高
6%
大阪府第七中 市岡高
6%
神戸市立第一中 葺合高
6%
和歌山県第三中 耐久高
6%
佐賀県立第二中 鹿島高
6%
県立宮城県第六中 佐沼高
4%
東京府立第十一中 江北高
4%
東京府立第二十二中 六本木高
4%
京都府立第五中/京都府立京都第三中 山城高
4%
兵庫県立第二神戸高女 夢野台高
4%
島根県立第三中 大社高
4%
広島県第二中 広島観音高
4%
広島県立呉第二中 呉宮原高
4%
東京府立第十八高女 井草高
3%
第三東京市立中 文京高
3%
第一東京市立高女 深川高
3%
静岡市立第一中 | 静岡市立第二中 静岡市立高
3%
愛知県立第二高女 名古屋西高
3%
京都府立第四中 宮津天橋高
3%
大阪市立第二高女 清水谷高
3%
大阪府立第十一高女 阿倍野高
3%
大阪府立第十五高女 泉大津高
3%
神戸市立第一高女 六甲アイランド高
3%
高知県第二中 高知小津高
3%
鹿児島県第三中 加治木高
3%
東京府立第十四中 石神井高
1%
東京府立第八高女 八潮高
1%
山梨県第二中 日川高
1%
京都府立京都第五中 桂高
1%
大阪府立第十四中 鳳高
1%
大阪府立第十三高女 山本高
1%
大阪府立第十四高女 桜塚高
1%
青森市立第二中 北斗高
0%
秋田県第二中 大館鳳鳴館高
0%
東京府立第十二中 芦花高
0%
東京府立第二十一中 武蔵丘高
0%
東京府立第十一高女 桜町高
0%
東京府立第十二高女 板橋有徳高
0%
東京府立第十四高女 桐ケ丘高
0%
東京府立第十五高女 神代高
0%
東京府立第十六高女 南葛飾高
0%
東京府立第十九高女 千歳丘高
0%
第四東京市立高女 竹台高
0%
神奈川県立横浜第二高女 横浜立野高
0%
岐阜県岐阜第三中 華陽フロンティア高
0%
京都府立京都第二高女 朱雀高
0%
大阪府立第七高女 大正白陵高
0%
大阪府立第十二高女 大阪わかば高
0%
神戸市立第二中 摩耶兵庫高
0%
神戸市立第二高女 須磨翔風高
0%
広島県第四中 忠海高
0%
鹿児島県第四中 川辺高
0%
No matching quizzes found
Score Distribution
Percent of People with Each Score
Percentile by Number Answered
Your Score History
You have not taken this quiz since the last reset